| 000 | 00887nas a2200289 4500 | ||
|---|---|---|---|
| 001 | BR0305904 | ||
| 003 | BR-BrBNA | ||
| 005 | 20231205104208.0 | ||
| 007 | ta | ||
| 008 | 230509b bl.|||p| |||| 00| 00por d | ||
| 040 |
_aBR-BrBNA _bpor _cBiblioteca Nacional de Agricultura |
||
| 041 | _a(Pt) | ||
| 072 | _aF70 | ||
| 100 | 1 | _aYoshida, D.S. | |
| 100 | 1 | _aRocha, A.E.S. | |
| 100 | 1 | _aSilva, M.F.F. da | |
| 245 | 1 | _aContribuição à taxonomia de Gongora Ruiz Pavon (Orchidaceae)no Estado do Pará, Brasil | |
| 650 | _aORCHIDACEAE | ||
| 650 | _aTAXONOMIA VEGETAL | ||
| 650 | _aLEVANTAMENTO POPULACIONAL | ||
| 650 | _aIDENTIFICAÇÃO | ||
| 650 | _aBIODIVERSIDADE | ||
| 650 | _aAMAZÔNIA | ||
| 773 | 0 |
_tRevista de Ciências Agrárias (Brazil) _xISSN 1517-591X _g(Jan-Jun 2002), no. 37 p. 71-83 _wBR0305904 |
|
| 909 |
_a202311 _bLúcia _c55 _dLúcia Elande |
||
| 942 |
_2AGRIS _n0 _cANA |
||
| 999 |
_c176875 _d176875 |
||